Zahraničné periodiká v ČSSR 1973-1975

Guardado en:
Detalles Bibliográficos
Formato: Libro
Lenguaje:eslovaco
Publicado: Bratislava Univerzitná knižnica 1982
Etiquetas: Agregar Etiqueta
Sin Etiquetas, Sea el primero en etiquetar este registro!

MARC

LEADER 00000nam a2200000 4500
001 c115794
005 20250826085942.0
041 0 |a slo 
044 |a SK 
245 1 0 |a Zahraničné periodiká v ČSSR 1973-1975 
264 1 |a Bratislava  |b Univerzitná knižnica  |c 1982 
300 |a S. 3355-4490